[Event "POR-ch U14/20"]
[Site "Fatima"]
[Date "2022.04.11"]
[Round "3"]
[White "Marques Serra, David"]
[Black "Torres Rodero, Francisco"]
[Result "1/2-1/2"]
[WhiteElo "1734"]
[BlackElo "2048"]
[PlyCount "62"]
[EventDate "2022.04.10"]
[EventType "swiss"]
[EventRounds "9"]
[EventCountry "POR"]
[SourceTitle "EXT 2023"]
[Source "ChessBase"]
[SourceDate "2022.10.05"]
[SourceVersion "1"]
[SourceVersionDate "2022.10.05"]
[SourceQuality "1"]

1. d4 Nf6 2. Bf4 d5 3. Nf3 e6 4. e3 c5 5. c3 Bd6 6. Bg3 Nc6 7. Ne5 Qc7 8. f4 cxd4 9. exd4 Ne4 10. Nd2 Nxg3 11. hxg3 Nxe5 12. fxe5 Be7 13. Qg4 g6 14. Bd3 Bf8 15. Qf4 Bg7 16. g4 f6 17. Nf3 fxe5 18. dxe5 Qf7 19. Bb5+ Kf8 20. Qxf7+ Kxf7 21. 0-0 Ke7 22. Rae1 Bd7 23. Bxd7 Kxd7 24. Re2 Rhf8 25. g3 Rac8 26. Rd2 Rc4 27. Rd4 Rxd4 28. cxd4 Rc8 29. Kg2 h6 30. Ne1 Ke7 31. Nf3 g5 1/2-1/2

[Event "Quart de Poblet op 6th"]
[Site "Quart de Poblet"]
[Date "2018.08.31"]
[Round "5"]
[White "Torres Rodero, Francisco"]
[Black "Ortega Sanchis, Angela"]
[Result "1/2-1/2"]
[WhiteElo "1988"]
[BlackElo "1547"]
[PlyCount "63"]
[EventDate "2018.08.27"]
[EventType "swiss"]
[EventRounds "9"]
[EventCountry "ESP"]
[SourceTitle "EXT 2024"]
[Source "ChessBase"]
[SourceDate "2023.10.10"]
[SourceVersion "1"]
[SourceVersionDate "2023.10.10"]
[SourceQuality "1"]

1. d4 Nf6 2. Nf3 g6 3. g3 Bg7 4. Bg2 0-0 5. 0-0 d6 6. c4 Nc6 7. Nc3 e5 8. dxe5 dxe5 9. Bg5 Be6 10. Qa4 h6 11. Rad1 Qe7 12. Nd5 Bxd5 13. cxd5 Nd4 14. Nxd4 exd4 15. Bxf6 Bxf6 16. Qc4 Rfe8 17. Rd2 Qd6 18. Rc2 Re7 19. Rfc1 Rae8 20. Qb5 Qb6 21. Qxb6 axb6 22. Bf3 Be5 23. Kf1 Ra8 24. a3 Ra5 25. Rd1 Rc5 26. Rdc1 Rxc2 27. Rxc2 Kg7 28. Rd2 Rd7 29. Ke1 Kf8 30. Rc2 h5 31. Kd2 Ke7 32. Kd3 1/2-1/2